000 00732nam a2200229 a 4500
001 000019303
005 20200929165957.0
008 100601s2003 sp 000 0 spa d
020 _a8430542450
040 _aDO-SdBNP
_bspa
_cBNPHU
082 _aR 291.1303
_bB171d
100 1 _aBalasch Blanch, Enric,
_d1955-
_941515
245 1 0 _aDiccionario de mitologĂ­a universal /
_cEnric Balasch Blanch, Yolanda Ruiz Arranz.
260 _aMadrid :
_bTikal Ediciones,
_c[2003?].
300 _a355 p. ;
_c22 cm.
490 1 _aEl gran libro de ...
650 4 _aMitologĂ­a
_xDiccionarios
_941516
700 1 _aRuiz, Yolanda
_941513
830 0 _aEl gran libro de ...
_941514
910 _aValidado. Control de calidad BNPHU
049 _aBNPD
999 _c18821
_d18821